Regulation and promotion of pacific shipping

সংরক্ষণ করুন:
গ্রন্থ-পঞ্জীর বিবরন
প্রধান লেখক: Mears, Eliot Grinnell
বিন্যাস: গ্রন্থ
ভাষা:Undetermined
প্রকাশিত: U.S.A. Stanford University Press 1933
বিষয়গুলি:
ট্যাগগুলো: ট্যাগ যুক্ত করুন
কোনো ট্যাগ নেই, প্রথমজন হিসাবে ট্যাগ করুন!
Thư viện lưu trữ: Trung tâm Học liệu Trường Đại học Cần Thơ
LEADER 00524nam a2200193Ia 4500
001 CTU_96689
008 210402s9999 xx 000 0 und d
082 |a 338.476 
082 |b M483 
100 |a Mears, Eliot Grinnell 
245 0 |a Regulation and promotion of pacific shipping 
245 0 |c Eliot Grinnell Mears 
260 |a U.S.A. 
260 |b Stanford University Press 
260 |c 1933 
650 |a Shipbuilding 
650 |z Japan 
904 |i Giang 
980 |a Trung tâm Học liệu Trường Đại học Cần Thơ